书目信息 |
| 题名: |
跨世纪精神文明建设行动纲领
|
|
| 作者: | 《跨世纪精神文明建设行动纲领》编写组 | |
| 分册: | ||
| 出版信息: | 北京 中共党史出版社 1996.10 |
|
| 页数: | 297页 | |
| 开本: | 20cm | |
| 丛书名: | ||
| 单 册: | ||
| 中图分类: | D229 | |
| 科图分类: | ||
| 主题词: | 中国共产党 | |
| 电子资源: | ||
| ISBN: | 7-80136-025-7 | |
| 000 | 00850nam0 2200193 450 | |
| 001 | 0757657514 | |
| 005 | 20070409160323.92 | |
| 010 | @a7-80136-025-7@dCNY10.00 | |
| 100 | @a20070409d1996 km y0chiy0120 ea | |
| 101 | 0 | @achi |
| 200 | 1 | @a跨世纪精神文明建设行动纲领@Akua shi ji jing shen wen ming jian she xing dong gang ling@e学习十四界六中全会决议讲话@f《跨世纪精神文明建设行动纲领》编写组@F《kua shi ji jing shen wen ming jian she xing dong gang ling》bian xie zu |
| 210 | @a北京@c中共党史出版社@d1996.10 | |
| 215 | @a297页@d20cm | |
| 517 | 1 | @a学习十四界六中全会决议讲话@Axue xi shi si jie liu zhong quan hui jue yi jiang hua |
| 606 | 0 | @a中国共产党 |
| 690 | @aD229@v3 | |
| 701 | 0 | @a《跨世纪精神文明建设行动纲领》编写组@A《kua shi ji jing shen wen ming jian she xing dong gang ling》bian xie zu |
| 801 | 0 | @aCN@c20070409 |
| 905 | @a10447@dD229@eK903 | |
| 跨世纪精神文明建设行动纲领:学习十四界六中全会决议讲话/《跨世纪精神文明建设行动纲领》编写组.-北京:中共党史出版社,1996.10 |
| 297页;20cm |
| ISBN 7-80136-025-7:CNY10.00 |
| ● |
| 相关链接 |
|
|
|
正题名:跨世纪精神文明建设行动纲领
索取号:D229/K903
 
预约/预借
| 序号 | 登录号 | 条形码 | 馆藏地/架位号 | 状态 | 备注 |
| 1 | 449185 | 204491852 | 社科库509/509社科库 68排8列1层/ [索取号:D229/K903] | 在馆 |